<?xml version="1.0" encoding="UTF-8"?>
<record
    xmlns:xsi="http://www.w3.org/2001/XMLSchema-instance"
    xsi:schemaLocation="http://www.loc.gov/MARC21/slim http://www.loc.gov/standards/marcxml/schema/MARC21slim.xsd"
    xmlns="http://www.loc.gov/MARC21/slim">

  <leader>01182ngm a22002537a 4500</leader>
  <controlfield tag="005">20160708091701.0</controlfield>
  <controlfield tag="008">160708s2007    mx 044|a |||| s0| v spa d</controlfield>
  <datafield tag="028" ind1="4" ind2=" ">
    <subfield code="a">503007298386</subfield>
  </datafield>
  <datafield tag="050" ind1="0" ind2="0">
    <subfield code="a">PN1995.9.D78</subfield>
    <subfield code="b">A43 2007</subfield>
  </datafield>
  <datafield tag="245" ind1="0" ind2="0">
    <subfield code="a">Alcoholismo</subfield>
    <subfield code="b">(Adicciones y sus consecuencias)</subfield>
    <subfield code="c">Director y guionista  Guillermo Lagunes Barrera; editor Oscar Medina Garrido </subfield>
    <subfield code="h">[videograbaci&#xF3;n]</subfield>
  </datafield>
  <datafield tag="260" ind1=" " ind2=" ">
    <subfield code="a">M&#xE9;xico :</subfield>
    <subfield code="b">Producciones Cesar Balestra Campuzano,</subfield>
    <subfield code="c">20027</subfield>
  </datafield>
  <datafield tag="300" ind1=" " ind2=" ">
    <subfield code="a">1 videodisco (44min)</subfield>
    <subfield code="b">sonido, color</subfield>
    <subfield code="c">4 3/4 plg.</subfield>
  </datafield>
  <datafield tag="490" ind1=" " ind2="0">
    <subfield code="a">Linea diamante</subfield>
  </datafield>
  <datafield tag="508" ind1=" " ind2=" ">
    <subfield code="a">Fotograf&#xED;a Manuel Cortes; Camarografo Edgar Mu&#xF1;os; sonido Alejandro Velasquez; maquillaje Ang&#xE9;lica Flores</subfield>
  </datafield>
  <datafield tag="511" ind1="0" ind2=" ">
    <subfield code="a">Rodolfo Aldama, Gloria Barandelar, Edna Bolkan</subfield>
  </datafield>
  <datafield tag="520" ind1=" " ind2=" ">
    <subfield code="a">Los alcoh&#xF3;licos han perdido su capacidad para controlar la ingesta de alcohol. No importa la cantidad de alcohol que beban; una vez que empiezan no pueden parar...</subfield>
  </datafield>
  <datafield tag="521" ind1=" " ind2=" ">
    <subfield code="a">Clasificaci&#xF3;n "A"</subfield>
  </datafield>
  <datafield tag="538" ind1=" " ind2=" ">
    <subfield code="a">DVD</subfield>
  </datafield>
  <datafield tag="546" ind1=" " ind2=" ">
    <subfield code="a">espa&#xF1;ol</subfield>
  </datafield>
  <datafield tag="650" ind1=" " ind2="4">
    <subfield code="a">Alcoholismo</subfield>
    <subfield code="x">Adicciones y sus consecuencias</subfield>
  </datafield>
  <datafield tag="700" ind1="1" ind2=" ">
    <subfield code="a"> Lagunes Barrera, Guillermo</subfield>
    <subfield code="e">Director y guionista</subfield>
  </datafield>
  <datafield tag="700" ind1="1" ind2=" ">
    <subfield code="a">Medina Garrido, Oscar </subfield>
    <subfield code="e">Editor</subfield>
  </datafield>
  <datafield tag="942" ind1=" " ind2=" ">
    <subfield code="2">lcc</subfield>
    <subfield code="c">PEL</subfield>
  </datafield>
  <datafield tag="999" ind1=" " ind2=" ">
    <subfield code="c">117876</subfield>
    <subfield code="d">117876</subfield>
  </datafield>
  <datafield tag="952" ind1=" " ind2=" ">
    <subfield code="0">0</subfield>
    <subfield code="1">0</subfield>
    <subfield code="2">lcc</subfield>
    <subfield code="4">0</subfield>
    <subfield code="7">0</subfield>
    <subfield code="a">LIC-047</subfield>
    <subfield code="b">LIC-047</subfield>
    <subfield code="c">MA</subfield>
    <subfield code="d">2016-07-08</subfield>
    <subfield code="h">VBFP000133</subfield>
    <subfield code="l">1</subfield>
    <subfield code="o">PN1995.9.D78 A43 2007</subfield>
    <subfield code="p">VBFP000133</subfield>
    <subfield code="r">2017-02-20 00:00:00</subfield>
    <subfield code="s">2017-02-17</subfield>
    <subfield code="t">1</subfield>
    <subfield code="w">2016-07-08</subfield>
    <subfield code="y">PEL</subfield>
  </datafield>
</record>
